[Event "21st Alekhine FIDE 2017"]
[Site "Voronezh"]
[Date "2017.06.19"]
[Round "8"]
[White "Chernov, Vladimir S"]
[Black "Moiseenko, Andrey"]
[Result "0-1"]
[WhiteElo "2045"]
[BlackElo "2010"]
[Annotator "NA RC"]
[PlyCount "60"]
[EventDate "2017.??.??"]
[EventType "swiss"]
[EventCountry "RUS"]
[SourceTitle "playchess.com"]
[Source "ChessBase"]
[SourceQuality "1"]
[TimeControl "40/5400+30:1800+30"]

{[%evp 9,60,33,82,72,87,32767,32767,32767,32767,70,70,57,71,53,54,18,73,67,67,-25,85,42,63,25,54,4,12,64,0,-67,-68,-65,-70,-66,-59,-334,-140,-753,-681,-720,-863,-713,-801,-1031,-1122,-2819,-5056,-29989,-29990,-5160,-29992,-29998,-29999]} 1. d4 Nf6 {[%emt 0:00:20]} 2. c4 {[%emt 0:00:00]} c5 {[%emt 0:00:02]} 3. d5 {[%emt 0:00:00]} b5 {[%emt 0:00:02]} 4. cxb5 {[%emt 0:00:00]} a6 {[%emt 0:00:02]} 5. bxa6 {[%emt 0:00:32]} g6 {[%emt 0:00:06]} (5... e6 $11 {keeps the balance.}) 6. Nc3 {[%emt 0:00:08]} Bxa6 {[%emt 0:00:05]} 7. e4 {[%emt 0:00:51]} Bxf1 {[%emt 0:00:07]} 8. Kxf1 {[%emt 0:00:01]} d6 {[%emt 0:00:19]} 9. g3 {[%emt 0:01:42]} Bg7 {[%emt 0:00:06]} 10. Kg2 {[%emt 0:00:38]} O-O {[%emt 0:00:05]} 11. Nge2 {[%emt 0:01:20] LiveBook: 57 Games} Nbd7 {[%emt 0:00:16]} 12. Re1 {[%emt 0:01:05] A59: Benko/Volga Gambit: White castles by hand} (12. Qc2 Ra6 13. Rd1 Qa8 14. Rb1 e6 15. Nf4 exd5 16. Nfxd5 Nxd5 17. Nxd5 Rxa2 18. Ne7+ Kh8 19. Rxd6 Ne5 20. Rd5 {½-½ (34) Oms Pallisse,J (2528)-Alsina Leal,D (2527) Barcelona 2010}) 12... Ra6 {[%emt 0:00:34]} 13. Qc2 {[%emt 0:02:46]} Qa8 {[%emt 0:00:09]} 14. b3 $146 {[%emt 0:03:02]} (14. f3 $16) ({Predecessor:} 14. Bf4 e6 15. Rad1 exd5 16. exd5 Ng4 17. h3 Nge5 18. b3 Rb8 19. Bxe5 Nxe5 {0-1 (48) Zimin,I (2072)-Gutov,A (2406) Kemerovo 2011}) 14... Rb8 {[%emt 0:02:33]} (14... e6 $11) 15. Bb2 {[%emt 0:00:53]} Ne5 {[%emt 0:08:54]} 16. f4 {[%emt 0:11:59]} Neg4 {[%emt 0:00:05]} 17. Ng1 {[%emt 0:01:17]} c4 $1 {[%emt 0:06:27]} 18. bxc4 {[%emt 0:11:05]} Qa7 {[%emt 0:00:11]} 19. Nd1 {[%emt 0:12:25] [#]} (19. e5 $14 dxe5 20. fxe5) 19... Rxb2 $1 {[%emt 0:08:22]} 20. Nxb2 {[%emt 0:01:57]} Ne3+ {[%emt 0:00:25]} 21. Rxe3 {[%emt 0:00:02]} Qxe3 {[%emt 0:00:01]} 22. Nf3 $2 {[%emt 0:06:50]} ({White should try} 22. a4 $15) 22... Qxe4 {[%emt 0:04:32]} (22... Ra3 $19 {is more deadly.} 23. Rf1 Rxa2) 23. Qd2 $2 {[%emt 0:16:57]} (23. Qd3 $17) 23... Ra3 {[%emt 0:07:17]} 24. Rf1 {[%emt 0:00:29]} Ng4 {[%emt 0:01:46]} 25. Nd1 {[%emt 0:04:59]} Qxc4 {[%emt 0:01:39]} 26. Qe1 {[%emt 0:05:19]} Rxa2+ {[%emt 0:02:38]} 27. Kh3 {[%emt 0:02:23]} Qxd5 {[%emt 0:01:36]} 28. Qxe7 {[%emt 0:00:29]} Bf6 {[%emt 0:02:11]} 29. Qe8+ {[%emt 0:00:47]} Kg7 {[%emt 0:00:04]} 30. Ng5 {[%emt 0:01:18]} Rxh2+ {[%emt 0:00:27] Qc8} 0-1

[Event "21st Alekhine FIDE 2017"]
[Site "Voronezh"]
[Date "2017.06.19"]
[Round "8"]
[White "Lebedev, Mikhail S"]
[Black "Palin, Denis"]
[Result "1/2-1/2"]
[WhiteElo "2041"]
[BlackElo "2158"]
[Annotator "TA"]
[PlyCount "65"]
[EventDate "2017.??.??"]
[EventType "swiss"]
[EventCountry "RUS"]
[SourceTitle "playchess.com"]
[Source "ChessBase"]
[SourceQuality "1"]

{[%evp 20,65,64,55,70,29,54,27,10,3,8,11,8,7,5,3,9,0,0,0,0,0,16,-58,-55,-58,-57,-60,-33,-39,-15,-54,-33,-41,-46,-45,-21,-23,-24,-31,-26,-32,0,-27,0,-41,0,-25]} 1. e4 e6 2. d4 d5 3. Nc3 dxe4 4. Nxe4 Nd7 5. Nf3 Ngf6 6. Bd3 c5 7. O-O Nxe4 8. Bxe4 Be7 9. c3 Nf6 10. Bc2 cxd4 11. Nxd4 Bc5 $146 {C10: French with 3 Nc3: Unusual Black 3rd moves and 3...dxe4} ({Predecessor:} 11... O-O 12. Bf4 Bd6 13. Nxe6 Bxe6 14. Bxd6 Re8 15. Bc5 Bc4 16. Re1 Rxe1+ 17. Qxe1 Qd5 18. Bd4 Re8 19. Qd1 {1-0 (31) Lastin,A (2616)-Dobrotka,M (2246) Plovdiv 2010}) 12. Nb5 Bd7 13. a4 O-O {White has an edge.} 14. Bg5 {[#] Threatens to win with Bxf6.} Bc6 15. Bxf6 Qxd1 16. Rfxd1 {And now Bh4 would win.} gxf6 17. Nd4 Bd5 18. Rd3 Kh8 19. Rh3 f5 20. Rd1 Rad8 21. Kf1 ({White should play} 21. Rhd3 $11) 21... Rg8 $15 22. Rg3 Rxg3 23. hxg3 Bc4+ (23... Kg7 {looks sharper.} 24. b3 Bb6 25. Nb5 a5 26. c4 Bc6) 24. Ke1 Bxd4 25. cxd4 {[%mdl 4096] Endgame KRB-KRB} Rc8 26. Kd2 Bd5 27. Rg1 Rc4 28. Kd3 $1 Rc6 {[#] ...Be4+ is the strong threat.} 29. Kd2 Rb6 30. Kc3 Rc6+ 31. Kd2 Rb6 32. Kc3 $1 Rc6+ 33. Kd2 {Precision: White = 59%, Black = 40%.} 1/2-1/2

[Event "21st Alekhine FIDE 2017"]
[Site "Voronezh"]
[Date "2017.06.19"]
[Round "8"]
[White "Napalkov, Vladimir"]
[Black "Ioffe, Evgeny"]
[Result "0-1"]
[WhiteElo "2031"]
[BlackElo "2155"]
[Annotator "TA"]
[PlyCount "114"]
[EventDate "2017.??.??"]
[EventType "swiss"]
[EventCountry "RUS"]
[SourceTitle "playchess.com"]
[Source "ChessBase"]
[SourceQuality "1"]

{[%evp 14,114,-7,-7,8,-20,-15,-21,-14,-20,-13,-18,-18,-27,-19,-21,-20,-18,-23,-39,-14,-14,-24,-36,-42,-34,-18,-110,-60,-64,-69,-64,0,0,0,-66,-97,-110,-94,-92,-47,-30,-20,-25,0,-29,0,0,0,0,0,0,0,0,0,0,0,0,45,0,10,0,47,0,0,-42,0,-237,-250,-254,-241,-320,-306,-354,-347,-413,-403,-347,-330,-540,-337,-780,-679,-898,-877,-1905,-1918,-1897,-1756,-12838,-12838,-12838,-12833,-12840,-12831,-12832,-12831,-6432,-1631,-944,-646,-2707,-5618]} 1. d4 d5 2. c4 c6 3. Nf3 Nf6 4. Nc3 dxc4 5. a4 Bf5 6. Ne5 e6 7. Bg5 Bb4 8. Nxc4 Nbd7 {D17: Slav Defence: 5 a4 Bf5: Lines with 6 Nh4 and 6 Ne5} (8... h6 $5 {[%cal Rh6g5]} 9. Bxf6 Qxf6 $15) (8... h6 9. Bf4 Nd5 10. Bd2 O-O 11. e3 Nb6 12. Ne5 N8d7 13. Nd3 Bd6 14. Be2 Nc4 15. Bc1 e5 16. Nc5 Bxc5 17. Bxc4 exd4 18. exd4 {0-1 (37) Castro Rojas,O (2392)-Uribe,M (2414) Cali 2008}) 9. Qb3 a5 10. e3 O-O {The position is equal.} (10... h6 $5 {[%cal Rh6g5]} 11. Bh4 O-O $11) 11. Be2 h6 12. Bh4 Qe7 13. O-O e5 $146 ({Predecessor:} 13... g5 14. Bg3 Rfc8 15. f3 Bg6 16. Na2 {½-½ (25) Gutt,O (1905)-Akstinat,S (1995) Troisdorf 2010}) 14. Nxe5 Nxe5 15. dxe5 Qxe5 16. Rad1 Rad8 17. Bc4 Qe7 18. Rxd8 Rxd8 19. e4 Bg6 20. Re1 (20. f3 $1 $11 {keeps the balance.}) 20... Qe5 {Hoping for ...Rd2.} 21. Bg3 Qc5 22. e5 $1 {[%cal Re5f6]} Nh5 (22... Bxc3 $15 23. bxc3 Ne4) 23. e6 $11 fxe6 (23... b5 $5 24. axb5 (24. exf7+ Kf8 $11) 24... cxb5 25. Bxb5 (25. exf7+ Kf8 $11) 25... fxe6 $14) 24. Bxe6+ (24. Rxe6 $11 Kh7 25. Rxg6 Bxc3 26. Rd6 (26. bxc3 Kxg6 27. Bh4 Qxc4 $17) 26... Rxd6 27. Bxd6 Qxd6 28. bxc3) 24... Kh7 $15 25. Rd1 Rxd1+ 26. Nxd1 Bc2 27. Qf3 Nxg3 28. hxg3 Qe5 29. Bb3 Be4 30. Qf7 Qe7 {Threatening ...Qxf7.} 31. Qg8+ Kg6 32. Ne3 Bc5 33. Nf1 Bd4 34. Nd2 Bd3 35. Nf3 Bf6 36. Kh2 Be4 37. g4 Be5+ 38. Kg1 {[#] Black must now prevent Qf7+!} Bxb2 39. Be6 Bf6 40. Bf5+ $2 (40. Nd2 $11 {and White is okay.} Bc2 41. Nf3) 40... Bxf5 $19 41. gxf5+ Kxf5 42. Qh7+ {[#]} Ke6 $1 43. Qg8+ Kd7 44. Qa8 Qb4 45. Qb8 g5 {[%cal Bg7g5,Bg5g4][%mdl 32]} 46. Qg8 $2 (46. g3) 46... g4 47. Qf7+ $2 (47. Qh7+ Kd8 48. Qf5) 47... Qe7 {Black is clearly winning.} 48. Qb3 gxf3 49. Qxb7+ Kd6 50. Qb8+ Kc5 {( -> ...Qe1+)} 51. gxf3 Bd4 52. Kg2 Qg5+ 53. Kf1 Qc1+ 54. Kg2 Qd2 55. Qa7+ Kc4 56. Qa6+ Kb4 57. Qb7+ Ka3 {Precision: White = 34%, Black = 48%.} 0-1

[Event "21st Alekhine FIDE 2017"]
[Site "Voronezh"]
[Date "2017.06.19"]
[Round "8"]
[White "Garafutdinov, Ainur"]
[Black "Palkovich, Denis"]
[Result "1-0"]
[WhiteElo "1998"]
[BlackElo "2147"]
[Annotator "TA"]
[PlyCount "80"]
[EventDate "2017.??.??"]
[EventType "swiss"]
[EventCountry "RUS"]
[SourceTitle "playchess.com"]
[Source "ChessBase"]
[SourceQuality "1"]

{[%evp 9,80,35,43,6,28,12,16,13,8,10,29,27,52,41,62,32,31,33,26,25,36,0,0,0,0,-7,-6,-6,-6,-5,-4,-6,-4,-4,-2,-6,0,0,0,-12,-12,-17,-10,-10,0,0,0,0,0,0,0,0,0,0,0,0,0,0,0,0,0,0,0,0,0,0,0,0,0,0,0,0,0]} 1. e4 g6 2. d4 Bg7 3. Nc3 c6 4. Be3 d5 5. f3 b5 {[%cal Bb7b5,Bb5b4][%mdl 32] LiveBook: 5 Games} (5... Qb6 6. Qd2 Qxb2 7. Rb1 Qa3 8. exd5 Nf6 9. dxc6 bxc6 10. Bd3 O-O 11. Rb3 Qa5 12. Nge2 Nbd7 13. O-O e5 14. Rfb1 exd4 15. Bxd4 Nc5 {1-0 (47) Savchenko,B (2613)-Berkes,F (2648) Budapest 2017}) 6. exd5 {B15: Caro-Kann: 3 Nc3: 3...g6 and 3...dxe4 4 Nxe4 Nf6 5 Nxf6+ exf6} b4 7. Na4 $146 ({Predecessor:} 7. Ne4 cxd5 8. Ng3 Nf6 9. Qd2 Qb6 10. c4 dxc4 11. Bxc4 O-O 12. N1e2 Bb7 13. O-O {0-1 (72) Labarthe,A (2044)-Meinsohn,F (2250) Besancon 2006}) 7... cxd5 8. Qd2 a5 9. a3 bxa3 10. Rxa3 Nd7 11. Bd3 Ngf6 12. Bh6 O-O $1 13. Bxg7 Kxg7 14. Ne2 e5 15. dxe5 Nxe5 {The position is equal.} 16. O-O Bd7 17. Kh1 Rb8 18. Nc5 Rxb2 19. Qc3 Nxd3 20. Nxd3 Rb6 21. Rxa5 Bb5 22. Nd4 Bc4 23. Re1 Bxd3 24. cxd3 Re8 25. Raa1 Rxe1+ 26. Rxe1 Qb8 27. g3 Rb1 (27... h5 {seems wilder.} 28. Re7 Ra6 29. Qc7 Qb2 30. Ne2 Ra1+) 28. Rxb1 Qxb1+ 29. Kg2 Qa2+ 30. Kg1 h5 31. h4 Kh7 32. Ne6 Qb1+ 33. Kg2 Qa2+ 34. Kg1 {[#] And now Qc7 would win.} Qb1+ 35. Kg2 fxe6 36. Qxf6 Qc2+ 37. Kh3 Qxd3 {[#] White must now prevent ...Qf5+.} 38. Qf7+ Kh8 {aiming for ...Qf5+.} 39. Qf8+ Kh7 {Hoping for ...Qf5+.} 40. Qf7+ Kh8 {[%mdl 32768] Precision: White = 72%, Black = 51%. . Sensor Board Error (Ke4/e5)?} 1-0

[Event "21st Alekhine FIDE 2017"]
[Site "Voronezh"]
[Date "2017.06.19"]
[Round "8"]
[White "Garafutdinov, Ainur"]
[Black "Palkovich, Denis"]
[Result "*"]
[WhiteElo "1998"]
[BlackElo "2147"]
[Annotator "TA"]
[PlyCount "23"]
[EventDate "2017.??.??"]
[EventType "swiss"]
[EventCountry "RUS"]
[SourceTitle "playchess.com"]
[Source "ChessBase"]
[SourceQuality "1"]

{[%evp 9,9,86]} 1. e4 d5 2. exd5 Qxd5 3. Nf3 Nf6 4. d4 Nc6 (4... Bg4 5. Be2 c6 6. h3 Bh5 7. c4 Qa5+ 8. Nc3 e6 9. O-O Be7 10. Bf4 O-O 11. Ne5 Bxe2 12. Qxe2 Rd8 13. Rfe1 {1-0 (38) Hovhannisyan,R (2624)-Grigoryan,K (2602) Yerevan 2015}) 5. c4 {Predecessor:} Qe4+ $146 6. Be2 e5 7. Nc3 Bb4 8. O-O Bxc3 9. bxc3 O-O 10. Bd3 Qg4 11. dxe5 Nd7 12. Bxh7+ {1-0 (43) Sermier,G (2379)-Adrian,C (2326) France 2003} *

[Event "21st Alekhine FIDE 2017"]
[Site "Voronezh"]
[Date "2017.06.19"]
[Round "8"]
[White "Rozmetov, Aybek"]
[Black "Novikov, Sergey D"]
[Result "0-1"]
[WhiteElo "1978"]
[BlackElo "2061"]
[Annotator "NA RC"]
[PlyCount "75"]
[EventDate "2017.??.??"]
[EventType "swiss"]
[EventCountry "RUS"]
[SourceTitle "playchess.com"]
[Source "ChessBase"]
[SourceQuality "1"]
[TimeControl "40/5400+30:1800+30"]

{[%evp 16,74,17,9,35,34,39,0,0,-20,22,0,13,14,23,24,32,9,10,10,7,17,17,14,30,18,25,47,33,39,11,29,21,34,33,10,23,18,18,0,17,5,15,-1,32767,32767,32767,32767,-51,-419,-462,32767,32767,32767,32767,-1206,-1472,-29993,-29994,-29994,-1193]} 1. d4 {[%emt 0:02:17]} d5 {[%emt 0:00:01]} 2. c4 {[%emt 0:00:15]} e6 {[%emt 0:00:05]} 3. Nf3 {[%emt 0:00:09]} Nf6 {[%emt 0:00:04]} 4. g3 {[%emt 0:00:08]} dxc4 {[%emt 0:00:02]} 5. Qa4+ {[%emt 0:00:58]} Bd7 {[%emt 0:00:08]} 6. Qxc4 {[%emt 0:00:06]} c5 {[%emt 0:02:15]} 7. Bg2 {[%emt 0:00:55]} Bc6 {[%emt 0:00:03]} 8. O-O {[%emt 0:00:43] E04: Open Catalan: 5 Nf3} Bd5 {[%emt 0:12:42]} (8... Nbd7 9. Nc3 Rc8 10. Be3 b5 11. Qd3 b4 12. Nb1 c4 13. Qc2 Be7 14. a3 b3 15. Qc1 Nb6 {0-1 (34) Radjabov,T (2745)-Anand,V (2783) Stavanger 2013}) 9. Qc2 {[%emt 0:09:11]} cxd4 {[%emt 0:19:32]} 10. Rd1 {[%emt 0:01:45]} Nbd7 {[%emt 0:04:55]} 11. Rxd4 $146 {[%emt 0:03:20]} ({Predecessor:} 11. Bg5 Rc8 12. Qa4 Rc4 13. Bxf6 gxf6 14. Qb3 a6 15. Nxd4 Rxd4 16. Bxd5 Rxd1+ 17. Qxd1 exd5 18. Qxd5 {0-1 (36) Godoy,C (2315)-Comp MChess Pro 486 Villa Ballester 1993}) 11... Bc5 {[%emt 0:01:40]} 12. Rd1 {[%emt 0:00:20]} Qb6 {[%emt 0:06:33]} 13. e3 {[%emt 0:04:01]} O-O {[%emt 0:04:15]} 14. Nc3 {[%emt 0:00:20]} Rac8 {[%emt 0:01:01]} 15. Nxd5 {[%emt 0:06:30]} Nxd5 {[%emt 0:00:01]} 16. Ng5 {[%emt 0:10:10]} N7f6 {[%emt 0:02:36]} 17. Qe2 {[%emt 0:02:52]} Rcd8 {[%emt 0:04:49]} 18. Ne4 {[%emt 0:14:08]} Nxe4 {[%emt 0:03:20]} 19. Bxe4 {[%emt 0:00:07]} Nf6 {[%emt 0:00:05]} 20. Bd3 {[%emt 0:03:23]} e5 {[%emt 0:02:50]} 21. b3 {[%emt 0:06:09]} e4 {[%emt 0:07:03]} 22. Bc4 {[%emt 0:01:15]} Rxd1+ {[%emt 0:00:07]} 23. Qxd1 {[%emt 0:00:08]} Rd8 {[%emt 0:00:40]} 24. Qe2 {[%emt 0:03:18]} Bb4 {[%emt 0:03:47]} 25. a3 {[%emt 0:03:52]} Bc3 {[%emt 0:08:58]} 26. Ra2 {[%emt 0:01:14]} Qa5 {[%emt 0:06:15]} 27. b4 {[%emt 0:02:49]} Qe5 {[%emt 0:02:04]} 28. Rc2 {[%emt 0:02:00]} h5 {[%emt 0:01:06]} 29. h4 {[%emt 0:04:41]} Ng4 {[%emt 0:03:31]} 30. Kg2 {[%emt 0:02:19]} Qf6 {[%emt 0:01:33]} 31. Bb3 {[%emt 0:04:31]} Rd3 {[%emt 0:01:20]} 32. Bc4 $2 {[%emt 0:01:03]} (32. f3 $1 $15 exf3+ 33. Qxf3) 32... Ne5 {[%emt 0:00:12]} 33. Ba2 {[%emt 0:08:37]} Qf3+ {[%emt 0:01:43]} 34. Qxf3 {[%emt 0:01:33]} exf3+ {[%emt 0:00:01]} 35. Kh3 {[%emt 0:01:17]} Ng4 {[%emt 0:01:16]} 36. Bb2 {[%emt 0:00:52]} Rd1 {[%emt 0:00:00]} 37. Rc1 {[%emt 0:00:38]} Bxb2 $19 {[%emt 0:00:01]} (37... Nxf2+ $142 38. Kh2 Ng4+ 39. Kh3 Rd2 40. Rh1 Rg2 41. Bxf7+ Kxf7 42. Bxc3 Nf2#) 38. Rxd1 0-1

[Event "21st Alekhine FIDE 2017"]
[Site "Voronezh"]
[Date "2017.06.19"]
[Round "8"]
[White "Zaitseva, Lyudmila"]
[Black "Shishkin, Aleksey A"]
[Result "1/2-1/2"]
[WhiteElo "1922"]
[BlackElo "2191"]
[Annotator "TA"]
[PlyCount "95"]
[EventDate "2017.??.??"]
[EventType "swiss"]
[EventCountry "RUS"]
[SourceTitle "playchess.com"]
[Source "ChessBase"]
[SourceQuality "1"]

{[%evp 20,95,-10,-22,-18,-24,-24,-21,-17,-30,-28,-20,-23,-22,-22,-45,-14,-38,-21,-18,-23,-18,-26,-55,-28,-31,-15,-14,-11,-16,-10,-14,-14,-22,-8,-21,0,0,0,0,0,0,0,0,0,0,0,0,48,43,63,15,18,19,104,36,35,45,34,36,106,43,51,0,94,0,61,2,95,108,103,0,0,0,0,0,0,0]} 1. d4 Nf6 2. c4 e6 3. Nc3 d5 4. e3 Be7 5. Nf3 O-O 6. Bd3 dxc4 7. Bxc4 c5 8. dxc5 Qxd1+ 9. Kxd1 Bxc5 10. Ke2 Rd8 11. a3 a6 {D30: Queen's Gambit Declined: Systems without Nc3} (11... Nbd7 12. Rd1 b6 13. b3 Bb7 14. Bb2 a6 15. Rac1 Be7 16. Kf1 Rac8 17. Be2 {½-½ (16) Tunik,G (2440)-Yakovich,Y (2530) Moscow 1996}) 12. b4 Be7 13. Bb2 b5 14. Bd3 Bb7 15. Rhd1 Nbd7 16. Rac1 Rac8 17. Rd2 $146 ({Predecessor:} 17. h3 h6 18. g3 {0-1 (27) Narvoy,T-Hanssen,G (2242) Tromsoe 2007}) 17... h6 18. Rcd1 Kf8 19. Bb1 Nb6 20. Rxd8+ Bxd8 21. Ba2 Be7 22. Ne1 Nc4 (22... Ra8 {keeps more tension.} 23. f3 a5 24. Nd3 axb4 25. axb4 Bc6) 23. Bxc4 $1 Rxc4 24. f3 Rc7 25. Nd3 Nd7 26. Nb1 Bd5 27. Nd2 Nb6 28. e4 {[#] Bd4 is the strong threat.} Bc4 29. Bd4 Bxd3+ 30. Kxd3 Rd7 {White must now prevent ...Bf6.} 31. f4 g5 32. g3 {[%cal Bg2g3,Bg3f4,Bf4e5][%mdl 32]} gxf4 33. gxf4 e5 34. fxe5 Bg5 {[#] Hoping for ...Na4.} 35. Nf3 Nc4 {Threatens to win with ...Nb2+.} 36. Kc3 Ke8 (36... Bf4 $11) 37. a4 ({White should try} 37. Nxg5 $16 hxg5 38. Rg1) 37... Be3 $14 38. axb5 axb5 39. Ra1 {And now Ra8+ would win.} Bf4 (39... Rc7 $14) 40. Ra8+ (40. Ra6 $16) 40... Rd8 41. Ra7 (41. Rxd8+ $14 Kxd8 42. h3) 41... Rd7 (41... Nd2 $11 42. Nxd2 Bxd2+ 43. Kxd2 Rxd4+ 44. Ke3 Rxb4) 42. Ra8+ Rd8 43. Ra6 (43. Rxd8+ $14 Kxd8 44. Kd3) 43... Bc1 (43... Nd2 $1 $11 {keeps the balance.} 44. Nxd2 Bxd2+ 45. Kxd2 Rxd4+ 46. Ke3 Rxb4) 44. Kc2 $16 Be3 45. Bxe3 (45. Bc5 $16) 45... Nxe3+ $11 {The position is equal.} 46. Kc3 Nd1+ 47. Kc2 Ne3+ 48. Kc3 {Precision: White = 43%, Black = 36%.} 1/2-1/2

[Event "21st Alekhine FIDE 2017"]
[Site "Voronezh"]
[Date "2017.06.19"]
[Round "8"]
[White "Mezhov, Dmitriy"]
[Black "Geranichev, Mikhail"]
[Result "1-0"]
[WhiteElo "1809"]
[BlackElo "2076"]
[Annotator "NA RC"]
[PlyCount "117"]
[EventDate "2017.??.??"]
[EventType "swiss"]
[EventCountry "RUS"]
[SourceTitle "playchess.com"]
[Source "ChessBase"]
[SourceQuality "1"]
[TimeControl "40/5400+30:1800+30"]

{[%evp 17,117,44,52,42,61,65,63,57,118,52,54,45,93,87,100,100,103,86,98,104,105,112,129,120,122,115,120,127,133,114,149,156,181,199,231,144,166,175,214,225,317,202,188,202,229,187,187,213,184,147,147,147,146,141,144,151,203,32767,32767,32767,32767,32767,32767,32767,32767,220,229,174,263,32767,32767,32767,32767,429,430,457,409,496,394,597,553,680,984,1457,862,1688,2025,1662,2291,5065,5093,12846,29981,12847,29984,29984,29987,29988,29988,29989,12848,29990]} 1. d4 {[%emt 0:00:00]} Nf6 {[%emt 0:01:32]} 2. c4 {[%emt 0:00:00]} g6 {[%emt 0:00:05]} 3. Nc3 {[%emt 0:00:00]} d5 {[%emt 0:00:07]} 4. Bg5 {[%emt 0:00:00]} c6 {[%emt 0:00:28]} 5. Bxf6 {[%emt 0:00:00] D80: Grünfeld: Unusual White 4th moves and 4 Bg5} exf6 {[%emt 0:00:19]} 6. cxd5 {[%emt 0:00:00]} cxd5 {[%emt 0:00:29]} 7. Qb3 {[%emt 0:00:02]} Nc6 {[%emt 0:00:16]} 8. e3 {[%emt 0:00:05]} Bb4 {[%emt 0:02:36]} 9. Nge2 {[%emt 0:06:09]} O-O {[%emt 0:01:21]} 10. a3 {[%emt 0:00:27]} Bxc3+ $146 {[%emt 0:00:42]} ({Predecessor:} 10... Qa5 11. Rc1 Bxc3+ 12. Nxc3 Ne7 {1-0 (51) Andersen,F (2275)-Momme,J Aalborg 1995}) 11. Nxc3 {[%emt 0:00:04]} Ne7 {[%emt 0:01:48]} 12. Be2 {[%emt 0:00:25]} Be6 {[%emt 0:00:07]} (12... Rb8 $14) 13. O-O {[%emt 0:00:21]} (13. Qxb7 $16 a5 14. Qb3) 13... Rb8 {[%emt 0:01:00]} 14. Bf3 {[%emt 0:01:19]} b5 {[%emt 0:00:30]} 15. Rfc1 {[%emt 0:01:51]} a6 {[%emt 0:00:55]} 16. Na2 {[%emt 0:01:18]} Qb6 {[%emt 0:02:05]} 17. Nb4 {[%emt 0:01:17]} Qb7 {[%emt 0:03:28]} 18. Rc5 {[%emt 0:01:04]} Rfd8 {[%emt 0:01:51]} 19. Rac1 {[%emt 0:00:27]} Rbc8 {[%emt 0:00:09]} 20. h3 {[%emt 0:11:42]} Kg7 {[%emt 0:04:00]} 21. R1c3 {[%emt 0:02:47]} Rxc5 {[%emt 0:01:26]} 22. Rxc5 {[%emt 0:00:03]} Rc8 {[%emt 0:01:28]} 23. Qc3 {[%emt 0:00:03]} Rxc5 {[%emt 0:00:38]} 24. Qxc5 {[%emt 0:00:11]} a5 {[%emt 0:00:58]} 25. Nd3 {[%emt 0:00:54]} g5 {[%emt 0:00:47]} 26. Qd6 {[%emt 0:00:46]} Nf5 {[%emt 0:04:39]} 27. Qd8 {[%emt 0:00:02]} Nh4 {[%emt 0:00:39]} 28. Be2 {[%emt 0:00:32]} ({Stronger than} 28. Qxa5 Nxf3+ 29. gxf3 Bxh3 $11) 28... Qd7 {[%emt 0:06:39]} (28... b4 $142) 29. Qxd7 {[%emt 0:00:25]} (29. Qxa5 $142 Bf5 30. Nc5) 29... Bxd7 {[%emt 0:00:09]} 30. Nc5 {[%emt 0:00:21]} Bc6 {[%emt 0:01:21]} 31. Bd3 {[%emt 0:01:51]} f5 {[%emt 0:04:00]} 32. Na6 {[%emt 0:00:15]} Kf6 {[%emt 0:00:22]} 33. Nc7 {[%emt 0:00:04]} b4 {[%emt 0:00:16]} 34. axb4 {[%emt 0:00:05]} axb4 {[%emt 0:00:10]} 35. Na6 {[%emt 0:00:08]} b3 {[%emt 0:00:41]} 36. Nc5 {[%emt 0:00:03]} h5 {[%emt 0:02:07]} 37. Nxb3 {[%emt 0:00:11]} Ke7 {[%emt 0:00:41]} 38. Nc5 {[%emt 0:00:04]} Kd6 {[%emt 0:01:02]} 39. Kf1 {[%emt 0:00:28]} f4 {[%emt 0:00:40]} 40. b4 {[%emt 0:00:27]} Kc7 {[%emt 0:31:34]} 41. b5 {[%emt 0:44:48]} Be8 {[%emt 0:01:04]} 42. Na4 {[%emt 0:01:25]} Kb7 {[%emt 0:00:07]} 43. Nc3 {[%emt 0:00:08]} f3 {[%emt 0:01:16]} 44. g3 {[%emt 0:02:24]} Ng2 {[%emt 0:01:36]} 45. Nxd5 {[%emt 0:05:14]} Bd7 {[%emt 0:00:40]} 46. Kg1 {[%emt 0:00:08]} Bxh3 {[%emt 0:00:42]} 47. Be4 {[%emt 0:00:02]} f5 {[%emt 0:04:22]} 48. Nf4+ {[%emt 0:04:37]} fxe4 {[%emt 0:00:15]} 49. Nxh3 {[%emt 0:00:02]} h4 {[%emt 0:00:31]} 50. g4 {[%emt 0:00:02]} Kb6 {[%emt 0:02:25]} 51. Nxg5 {[%emt 0:00:09]} Kxb5 {[%emt 0:00:08]} 52. Nxe4 {[%emt 0:00:13]} h3 {[%emt 0:02:54]} 53. Kh2 {[%emt 0:00:38]} Kc4 {[%emt 0:00:38]} 54. Nd2+ {[%emt 0:01:06]} Kd3 {[%emt 0:01:35]} 55. Nxf3 {[%emt 0:00:04]} Ke2 {[%emt 0:00:19]} 56. Kg3 {[%emt 0:00:04]} Kf1 {[%emt 0:01:20]} 57. g5 {[%emt 0:00:18]} h2 {[%emt 0:01:28]} 58. Nxh2+ {[%emt 0:00:04]} Kg1 {[%emt 0:00:10]} 59. g6 {[%emt 0:00:19]} 1-0